000 00536nam a2200229Ia 4500
008 210210b1946 xxu||||| |||| 00| 0 eng d
041 _aeng
082 _a540.03 JACE
100 _aJACOBSON (C A) Ed
245 _aEncyclopedia of chemical reactions Vol I
260 _aNew York
_bReinhold Publishing Corporation
_c1946
300 _a804
440 _a1
650 _aVol
650 _areactions
650 _aof
650 _aI
650 _aEncyclopedia
650 _achemical
690 _aChemistry
906 _a010029
999 _c116228
_d116228